000 00685nam a2200229 a 4500
005 20230131063557.0
008 991125s1982 mx 000 0 spa u
020 _a9681612655
035 _aUPN01000028049
049 _aCG
050 4 _aPN1991.2
_bA4.38
100 1 _aAlbert, Pierre
245 1 0 _aHistoria de la radio y la televisión /
_cPierre Albert, André-Jean Tudesq ; tr. Diana Irene Galak C.
260 _aMéxico :
_bFCE,
_c1982.
300 _a176 p.
440 0 _aBreviarios ;
_v338
534 _pTitulo original:
_tHistoire de la radio-télévision
650 4 _aRADIO
650 2 _aTelevisión
_921633
700 2 _aTudesq, A
_dndré-Jean,
_ecoaut.
905 _aLibro
999 _c28049
_d28049